The way to happiness (Record no. 17216)

000 -LEADER
fixed length control field 00522nam a2200181 a 4500
001 - CONTROL NUMBER
control field :::00020991$&:&@@
003 - CONTROL NUMBER IDENTIFIER
control field OkBaRHE
005 - DATE AND TIME OF LATEST TRANSACTION
control field 20060516203923.0
008 - FIXED-LENGTH DATA ELEMENTS--GENERAL INFORMATION
fixed length control field s1990 j 000 0 eng u
040 ## - CATALOGING SOURCE
Transcribing agency
100 1# - MAIN ENTRY--PERSONAL NAME
Personal name Tompkins, Iverna
245 14 - TITLE STATEMENT
Title The way to happiness
260 ## - PUBLICATION, DISTRIBUTION, ETC. (IMPRINT)
Place of publication, distribution, etc Scottdale ,AZ
Name of publisher, distributor, etc Iverna Tompkins Ministries
Date of publication, distribution, etc 1990
300 ## - PHYSICAL DESCRIPTION
Extent 155p
490 0# - SERIES STATEMENT
Series statement The way to happiness
942 ## - ADDED ENTRY ELEMENTS (KOHA)
Source of classification or shelving scheme
Koha item type Books
Copies
Lost status Shelving location Date last seen Koha item type Full call number Not for loan Damaged status Permanent Location Barcode Source of classification or shelving scheme Price effective from Withdrawn status Date acquired Copy number
 General Stacks2010-04-14BooksBT 382 .T6  RHEMA Bible Training College20991 2010-04-14 2010-04-141